| 000 | 01010nam a2200301 i 4500 | ||
|---|---|---|---|
| 001 | 000035705 | ||
| 003 | DO-SdBNP | ||
| 005 | 20250218130859.0 | ||
| 007 | ta | ||
| 008 | 090717s2002 dr 000 0 spa d | ||
| 040 |
_aDO-SdBNP _bspa _cBNPHU _erda |
||
| 041 | _hspa | ||
| 082 | 4 |
_axx _bM6714p _222 |
|
| 100 | 1 |
_aMir, Pedro, _d1913-2000 _eautor _97245 |
|
| 245 | 1 | 3 |
_aEl pacto : _bun cuento de Pedro Mir / _cPedro Mir ; prólogo Ángela Hernández Núñez ; coordinadora Verónica Sención. |
| 264 |
_aSanto Domingo : _bH. & H., _c2002. |
||
| 300 |
_a16 páginas : _bilustraciones ; _c21 cm. |
||
| 336 |
_ardacontent _btexto _2txt |
||
| 337 |
_ardamedia _bsin mediación _2n |
||
| 338 |
_brdacarrier _0volumen _2nc |
||
| 500 | _aPedro Mir (poeta nacional ) | ||
| 500 | _aIncluye datos biográfico del autor (p. 4) | ||
| 590 | _aInventariado, 2023 / DG | ||
| 700 | 1 |
_aHernández, Ángela, _d1954- _eprólogo _92564 |
|
| 700 | 1 |
_aSención, Verónica _ecoordinación _912245 |
|
| 910 | _aDG | ||
| 942 |
_2ddc _cLBS1 |
||
| 999 |
_c35196 _d35196 |
||